00362 a2200157 4500001000700000020001800007040002200025041001600047082002400063100001800087245002700105260003200132300000800164362001300172490001900185134705 a85-262-2212-0 cLeonardo Da Vinci aPortuguês a614.14 T427rbT427r aTIBA, Içami aRespostas sobre drogas bScipionec1994aSão Paulo a127 a19940000 aPonto de apoio